00888nam a2200253 a 4500001001000000003000900010005001700019007000300036008004100039040002500080082003100105100003700136245005000173250001200223260004200235300002100277590002600298600005300324650005300377910004600430942001400476952012700490999001700617000022261DO-SdBNP20260321073640.0ta100921s1994 dr 000 0 spa d aDO-SdBNPbspacBNPHU 4a923.15694bD249B, 19942221 a Bosch, Juan, d1909-200197655510aDavid :bbiografía de un rey /cJuan Bosch. a10a ed. aSanto Domingo :bAlfa y Omega,c1994. a326 p. ;c22 cm. aInventariado, 2020/VM14aDavid,cRey de Israel d1040-968 a de J. C.9533 4aDavid xReyes y soberanos vBiografías 977237 aVMateo / Validado. Control de calidad MFF 2ddccLBS1 00102ddc53708PDaBNPHUbBNPHUcHDd2020-11-13oBNPHU PD 923.15694 D249B, 1994p2020-0485r2020-11-13w2020-11-13yLBS1 c21759d21759